[Event "14. Lichtenberger Sommer"]
[Site "14. Lichtenberger Sommer"]
[Date "2015.08.18"]
[Round "4.60"]
[White "Wierzbicki, Jirawat"]
[Black "Stiemerling, Andreas"]
[Result "1-0"]
[WhiteElo "1961"]
[BlackElo "1761"]
[PlyCount "51"]
[EventDate "2015.??.??"]
[WhiteTeam "SK König Tegel"]
[BlackTeam "SSV Rotation Berlin"]

1. e4 e6 2. d3 d5 3. Qe2 Nc6 4. c3 Nf6 5. Nf3 dxe4 6. dxe4 Bc5 7. Bg5 Be7 8. g3
h6 9. Bc1 e5 10. Bg2 Be6 11. O-O O-O 12. Nbd2 Nd7 13. Nc4 b5 14. Ne3 Rb8 15.
Nd5 Bd6 16. Nh4 Ne7 17. Ne3 Nf6 18. Kh1 a6 19. f4 Bc8 20. Bd2 h5 21. Rad1 Bb7
22. Nef5 Ng6 23. fxe5 Nxe5 24. Bg5 Neg4 25. h3 Nxe4 26. Bxd8 1-0

[Event "14. Lichtenberger Sommer"]
[Site "14. Lichtenberger Sommer"]
[Date "2015.08.18"]
[Round "4.61"]
[White "Janse, Sebastaan"]
[Black "Zeller, Elisa"]
[Result "1/2-1/2"]
[WhiteElo "1725"]
[BlackElo "1947"]
[PlyCount "89"]
[EventDate "2015.??.??"]
[WhiteTeam "SSV Klim-Op"]
[BlackTeam "SF Göppingen"]

1. e4 e6 2. d4 d5 3. Nd2 Nf6 4. Bd3 c5 5. Ngf3 Nc6 6. c3 dxe4 7. Nxe4 cxd4 8.
cxd4 Bb4+ 9. Bd2 Bxd2+ 10. Qxd2 O-O 11. O-O h6 12. Rfd1 Nd5 13. Rac1 Nde7 14.
Ng3 b6 15. Be4 Bb7 16. Ne5 Rc8 17. Nxc6 Nxc6 18. d5 exd5 19. Bxd5 Na5 20. Rxc8
Qxc8 21. Bxb7 Qxb7 22. h3 Qc7 23. Nf5 Qe5 24. Ne3 Qe6 25. Qd5 Qf6 26. Qd4 Qc6
27. Nf5 Qf6 28. Qxf6 gxf6 29. Nxh6+ Kh7 30. Ng4 Kg7 31. Rd7 Re8 32. Ne3 Nc6 33.
Rc7 Re6 34. Nf5+ Kg6 35. Rxc6 Re1+ 36. Kh2 Kxf5 37. Rc7 Re2 38. Rxf7 a5 39. a4
Rxf2 40. b4 axb4 41. Rb7 Ra2 42. Rxb6 Rxa4 43. g4+ Kg5 44. Rb5+ Kg6 45. h4
1/2-1/2

[Event "14. Lichtenberger Sommer"]
[Site "14. Lichtenberger Sommer"]
[Date "2015.08.18"]
[Round "4.62"]
[White "Matitschka, Johannes"]
[Black "Oginski, Ulrich"]
[Result "1/2-1/2"]
[WhiteElo "1542"]
[BlackElo "1885"]
[PlyCount "72"]
[EventDate "2015.??.??"]
[WhiteTeam "TSG Oberschöneweide"]
[BlackTeam "SC Weisse Dame (Berlin)"]

1. e4 c6 2. d3 d5 3. Nd2 e5 4. Ngf3 Bd6 5. g3 Nf6 6. Bg2 O-O 7. O-O Re8 8. h4
Bg4 9. Qe1 Qc8 10. Nh2 Bh3 11. Ndf3 Bxg2 12. Kxg2 dxe4 13. dxe4 Nbd7 14. Bg5
Qc7 15. Rd1 h6 16. Bxf6 Nxf6 17. Qe3 Qe7 18. Rfe1 Bc5 19. Qb3 Bb6 20. Qc3 Rad8
21. Rxd8 Qxd8 22. Qd2 Qc7 23. Qe2 Rd8 24. Nd2 Ba5 25. c3 Qd7 26. Nc4 Bc7 27. f3
b5 28. Ne3 Qd2 29. Nhf1 Qxe2+ 30. Rxe2 Bb6 31. c4 g6 32. Rc2 Kf8 33. c5 Ba5 34.
Kf2 h5 35. Ke2 Ke7 36. a3 Ke6 1/2-1/2

[Event "14. Lichtenberger Sommer"]
[Site "14. Lichtenberger Sommer"]
[Date "2015.08.18"]
[Round "4.63"]
[White "Thesing, Ansgar"]
[Black "Schneider, Eckehard"]
[Result "1-0"]
[WhiteElo "1933"]
[BlackElo "1780"]
[PlyCount "80"]
[EventDate "2015.??.??"]
[WhiteTeam "SC Kreuzberg"]
[BlackTeam "SF 1903 Berlin"]

1. e4 e6 2. d4 d5 3. Nc3 Nf6 4. e5 Nfd7 5. f4 c5 6. Nf3 Nc6 7. Be3 Be7 8. Qd2
O-O 9. Be2 a6 10. a3 b5 11. dxc5 Nxc5 12. O-O Bb7 13. Nd4 g6 14. Bg4 Re8 15.
Qf2 Nd7 16. Bxe6 fxe6 17. Nxe6 Bh4 18. Nxd8 Bxf2+ 19. Bxf2 Nxd8 20. Rad1 Ne6
21. Nxd5 Bxd5 22. Rxd5 Ndf8 23. Bb6 Rac8 24. c3 Rc4 25. g3 Rec8 26. Rfd1 R4c6
27. Ba5 Nc5 28. Bb4 Kf7 29. Kf2 Ke6 30. Bxc5 Rxc5 31. Rd6+ Ke7 32. Rxa6 Ne6 33.
Rdd6 Nd8 34. Rab6 R8c7 35. Ke3 Rd7 36. Rxd7+ Kxd7 37. Kd4 Rc7 38. Rxb5 Ke6 39.
Rb6+ Kf5 40. h3 Rd7+ 1-0

[Event "14. Lichtenberger Sommer"]
[Site "14. Lichtenberger Sommer"]
[Date "2015.08.18"]
[Round "4.64"]
[White "Schröder, Wolfgang"]
[Black "Baier, Reinhard"]
[Result "0-1"]
[WhiteElo "1722"]
[BlackElo "1976"]
[PlyCount "32"]
[EventDate "2015.??.??"]
[WhiteTeam "SSV Rotation Berlin"]
[BlackTeam "Berliner SchGes Eckbauer"]

1. d4 d5 2. c4 e5 3. cxd5 Qxd5 4. Nc3 Bb4 5. e3 Nc6 6. dxe5 Qxd1+ 7. Kxd1 Nxe5
8. Be2 Be6 9. Nf3 O-O-O+ 10. Nd2 Nf6 11. f3 Bxc3 12. bxc3 Nd5 13. Kc2 Nxe3+ 14.
Kb2 Rd6 15. Nb3 N5c4+ 16. Bxc4 Nxc4+ 0-1

[Event "14. Lichtenberger Sommer"]
[Site "14. Lichtenberger Sommer"]
[Date "2015.08.18"]
[Round "4.65"]
[White "Schmidt, Jürgen"]
[Black "Seitz, Patrick"]
[Result "1-0"]
[WhiteElo "1936"]
[BlackElo "1665"]
[PlyCount "66"]
[EventDate "2015.??.??"]
[WhiteTeam "SC Kreuzberg"]
[BlackTeam "SR Heuberg-Gosheim"]

1. e4 c5 2. Nf3 d6 3. d4 cxd4 4. Nxd4 Nf6 5. Nc3 Nc6 6. Bc4 g6 7. Bb3 Bg7 8.
Nxc6 bxc6 9. e5 Ng4 10. e6 f5 11. h3 Ne5 12. f4 Qb6 13. fxe5 Bxe5 14. Qf3 Bb7
15. Be3 c5 16. Nd5 Bxd5 17. Bxd5 Rb8 18. O-O O-O 19. b3 f4 20. Bf2 Bxa1 21.
Rxa1 Qb4 22. c3 Qa3 23. Qe2 Rf5 24. Rd1 Re5 25. Qc2 Rf8 26. Be1 Qa6 27. c4 Re3
28. Bh4 Qa5 29. Bxe7 Re1+ 30. Kh2 Rf5 31. Bxd6 Rxd5 32. cxd5 Rxd1 33. Qxd1 Qc3
1-0

[Event "14. Lichtenberger Sommer"]
[Site "14. Lichtenberger Sommer"]
[Date "2015.08.18"]
[Round "4.66"]
[White "Schubert, Joachim"]
[Black "Schmidt, Rico"]
[Result "1-0"]
[WhiteElo "1845"]
[BlackElo "1828"]
[PlyCount "147"]
[EventDate "2015.??.??"]
[WhiteTeam "SC Friesen Lichtenberg"]
[BlackTeam "SG Weißensee 49"]

1. e4 Nf6 2. Nc3 d5 3. e5 Nfd7 4. f4 c5 5. Nf3 Nc6 6. Bb5 e6 7. O-O a6 8. Bxc6
bxc6 9. d3 Be7 10. b3 O-O 11. Kh1 Qc7 12. Qe1 g6 13. Ba3 Qd8 14. Rd1 a5 15. Qf2
Ba6 16. Nd2 Bb5 17. Ne2 a4 18. Bc1 axb3 19. axb3 Ra7 20. c4 Ba6 21. Nc3 Rb7 22.
Bb2 Qc7 23. Ra1 Ra7 24. Na4 Rfa8 25. Rfc1 Bc8 26. g4 Qb8 27. Rcb1 Bf8 28. g5
Be7 29. h4 Bb7 30. Kg2 Qd8 31. Kf3 Qf8 32. Rh1 Ra6 33. h5 Nb6 34. Nxb6 Rxb6 35.
Rag1 Ra2 36. Rb1 Bc8 37. Qh4 Qg7 38. hxg6 fxg6 39. Bc1 Rb7 40. Nf1 Bd8 41. Ne3
Rf7 42. Ng4 Kf8 43. Nf6 Bxf6 44. exf6 Qg8 45. Bb2 Rd7 46. Rh2 Qf7 47. Bd4 Rxh2
48. Bxc5+ Kg8 49. Qxh2 dxc4 50. dxc4 h5 51. Be7 Qe8 52. Qc2 Kf7 53. c5 Ba6 54.
Bd6 Qc8 55. Ra1 Ra7 56. Ra4 Qb7 57. Qa2 Qb5 58. Rc4 Qb7 59. Rc3 Qb5 60. Qf2 Bc8
61. Qe2 Ba6 62. Qe1 Qb4 63. Re3 Qxe1 64. Rxe1 Rb7 65. Ra1 Rxb3+ 66. Kf2 Rb2+
67. Kg3 Rb3+ 68. Kh4 Bb7 69. Ra5 Rb1 70. Bc7 Ke8 71. Bb6 Bc8 72. Ra8 Kd7 73.
Rxc8 Kxc8 74. f7 1-0

[Event "14. Lichtenberger Sommer"]
[Site "14. Lichtenberger Sommer"]
[Date "2015.08.18"]
[Round "4.67"]
[White "Wilke, Hans-Peter"]
[Black "Genot, Frank"]
[Result "0-1"]
[WhiteElo "1655"]
[BlackElo "1822"]
[PlyCount "64"]
[EventDate "2015.??.??"]
[WhiteTeam "Läufer Reinickendorf"]
[BlackTeam "Club du Canal St-Martin Paris"]

1. b4 e5 2. Bb2 Bxb4 3. Bxe5 Nf6 4. e3 O-O 5. Nf3 d5 6. c4 c5 7. Be2 Nc6 8. Bb2
Re8 9. a3 Ba5 10. O-O d4 11. exd4 cxd4 12. d3 Qe7 13. Bxd4 Qxe2 14. Bxf6 Qxd1
15. Rxd1 gxf6 16. Nbd2 Bf5 17. Nb3 Bc3 18. Ra2 Rad8 19. d4 Nxd4 20. Nbxd4 Bxd4
21. Rad2 Bb6 22. Rxd8 Bxd8 23. Nd4 Be6 24. Nxe6 fxe6 25. Kf1 Kf7 26. Ke2 Ke7
27. Kd3 Kd6 28. f3 Bb6 29. g4 Ke5 30. h4 Kf4 31. Ke2 a5 32. a4 Bc5 0-1

[Event "14. Lichtenberger Sommer"]
[Site "14. Lichtenberger Sommer"]
[Date "2015.08.18"]
[Round "4.68"]
[White "Pathasart, Somchay"]
[Black "Geldner, Gerrit"]
[Result "0-1"]
[WhiteElo "1375"]
[BlackElo "1777"]
[PlyCount "70"]
[EventDate "2015.??.??"]
[WhiteTeam "vereinslos"]
[BlackTeam "Schachunion Berlin"]

1. e4 Nf6 2. Nc3 e5 3. Nf3 Nc6 4. Bc4 Bc5 5. d3 h6 6. O-O d6 7. Na4 Bb6 8. Nxb6
axb6 9. c3 Bg4 10. b4 O-O 11. Bd2 Qe7 12. h3 Be6 13. Re1 Bxc4 14. dxc4 Qe6 15.
Nh4 Ne7 16. Re3 g5 17. Nf3 Qxc4 18. Qc2 Ng6 19. g3 Qe6 20. g4 Nf4 21. Nh2 h5
22. Kh1 hxg4 23. hxg4 Nxg4 24. Rf3 Qh6 25. Bxf4 gxf4 26. Rh3 Qxh3 27. f3 Nxh2
28. Qxh2 Qxh2+ 29. Kxh2 Kh7 30. Kg2 Rg8+ 31. Kf2 Rg3 32. Rh1+ Kg7 33. Ra1 Ra3
34. Rg1 Rxa2+ 35. Ke1 Rxg1# 0-1

[Event "14. Lichtenberger Sommer"]
[Site "14. Lichtenberger Sommer"]
[Date "2015.08.18"]
[Round "4.69"]
[White "Bonke, Hans-Jürgen"]
[Black "Strowig, Justin"]
[Result "1-0"]
[WhiteElo "1962"]
[BlackElo "1835"]
[PlyCount "85"]
[EventDate "2015.??.??"]
[WhiteTeam "SC Kreuzberg"]
[BlackTeam "SV Mattnetz Berlin"]

1. d4 c5 2. c3 Nf6 3. Nf3 b6 4. Bf4 e6 5. e3 Bb7 6. h3 Be7 7. Bd3 O-O 8. Nbd2
d5 9. O-O Nc6 10. Ne5 a6 11. Bh2 b5 12. f4 b4 13. Ndf3 Rc8 14. Nxc6 Rxc6 15.
Ne5 Rc8 16. f5 cxd4 17. cxd4 Ne4 18. Ng4 exf5 19. Rxf5 Bd6 20. Bxe4 Bxh2+ 21.
Kxh2 dxe4 22. Qa4 Qc7+ 23. Kg1 Qg3 24. Qb3 Rc7 25. Raf1 Bc8 26. R5f4 h5 27. Nf2
Qg6 28. Kh2 Re8 29. Qxb4 Rc2 30. Qa4 Qc6 31. Qxc6 Rxc6 32. Nxe4 f5 33. Nc3 Rxe3
34. d5 Rb6 35. R1f2 Bd7 36. Rd4 Kf7 37. a3 g5 38. d6 Ke6 39. Rfd2 g4 40. hxg4
fxg4 41. Re4+ Rxe4 42. Nxe4 Ke5 43. Nc5 1-0

[Event "14. Lichtenberger Sommer"]
[Site "14. Lichtenberger Sommer"]
[Date "2015.08.18"]
[Round "4.70"]
[White "Zenkner, Christian"]
[Black "Bullig, Reinhard"]
[Result "0-1"]
[WhiteElo "1919"]
[BlackElo "1772"]
[PlyCount "68"]
[EventDate "2015.??.??"]
[WhiteTeam "SC Zugzwang 95 (Berlin)"]
[BlackTeam "SF 1903 Berlin"]

1. d4 Nf6 2. Nc3 d5 3. e4 dxe4 4. f3 e6 5. fxe4 Bb4 6. Bd3 c5 7. a3 Bxc3+ 8.
bxc3 cxd4 9. cxd4 Nc6 10. Nf3 O-O 11. c3 Ne7 12. O-O Bd7 13. Qe1 Ng6 14. Nh4
Qa5 15. Bd2 Qh5 16. Nxg6 Qxg6 17. Rf3 Nh5 18. e5 f5 19. exf6 Qf7 20. fxg7 Qxg7
21. Rh3 Bc6 22. Qxe6+ Rf7 23. Bxh7+ Qxh7 24. g4 Re8 25. Rxh5 Rxe6 26. Rxh7 Kxh7
27. Rf1 Rxf1+ 28. Kxf1 Bb5+ 29. Kg1 Re2 30. Bf4 Rc2 31. h4 Rxc3 32. h5 Bd7 33.
d5 Bxg4 34. h6 Rxa3 0-1

[Event "14. Lichtenberger Sommer"]
[Site "14. Lichtenberger Sommer"]
[Date "2015.08.18"]
[Round "4.71"]
[White "Nam, Seung-Zin"]
[Black "Rudolph, Stephanie"]
[Result "0-1"]
[WhiteElo "1608"]
[BlackElo "1910"]
[PlyCount "40"]
[EventDate "2015.??.??"]
[WhiteTeam "SK Bebenhausen"]
[BlackTeam "SF Friedrichshagen"]

1. e4 c5 2. d4 cxd4 3. c3 d3 4. Bxd3 d6 5. Nf3 Nf6 6. O-O Nbd7 7. Na3 a6 8. Qe2
Qc7 9. Bf4 e5 10. Be3 Nc5 11. Bxc5 Qxc5 12. Nc4 b5 13. Ne3 Bb7 14. Nf5 g6 15.
N5d4 exd4 16. cxd4 Qh5 17. Rac1 Bh6 18. Rc7 Rb8 19. Bxb5+ axb5 20. Qxb5+ Qxb5
0-1

[Event "14. Lichtenberger Sommer"]
[Site "14. Lichtenberger Sommer"]
[Date "2015.08.18"]
[Round "4.72"]
[White "Bezy, Cedric"]
[Black "Weiß, Daniel"]
[Result "0-1"]
[WhiteElo "1780"]
[BlackElo "1741"]
[PlyCount "76"]
[EventDate "2015.??.??"]
[WhiteTeam "La Diagonale - Eybens"]
[BlackTeam "SF Nordost Berlin"]

1. e4 c6 2. d4 d5 3. e5 Bf5 4. h4 h5 5. Ne2 e6 6. Bg5 Qb6 7. b3 c5 8. Ng3 Bg6
9. c3 Nc6 10. Bd2 cxd4 11. f4 Nge7 12. c4 Nb4 13. Bxb4 Qxb4+ 14. Nd2 Qc3 15.
Ne2 Qb4 16. Nxd4 Qc5 17. N2f3 Nf5 18. Nxf5 Bxf5 19. cxd5 Qe3+ 20. Be2 Bb4+ 21.
Kf1 Bc5 22. Bb5+ Kf8 23. Qe2 exd5 24. Qxe3 Bxe3 25. g3 Be4 26. Ke2 d4 27. Rhd1
Bc2 28. Rh1 Ke7 29. Bd3 Rhc8 30. Ne1 Bxd3+ 31. Kxd3 Rc3+ 32. Ke2 Rac8 33. Rd1
Ke6 34. Nd3 Rc2+ 35. Kf3 Kf5 36. a4 R8c3 37. Rhf1 Rxb3 38. Ne1 Rcc3 0-1

[Event "14. Lichtenberger Sommer"]
[Site "14. Lichtenberger Sommer"]
[Date "2015.08.18"]
[Round "4.73"]
[White "Heuser, Philip"]
[Black "Mildenberger, Hans"]
[Result "1-0"]
[WhiteElo "2111"]
[BlackElo "1631"]
[PlyCount "59"]
[EventDate "2015.??.??"]
[WhiteTeam "Münchener SC"]
[BlackTeam "SG BVG Helmholz 55 (FV Schach)"]

1. d4 Nf6 2. c4 e6 3. Nc3 Bb4 4. Bg5 d5 5. Qa4+ Nc6 6. e3 O-O 7. Nf3 Bxc3+ 8.
bxc3 Bd7 9. Qc2 Ne7 10. Rb1 Rb8 11. cxd5 exd5 12. Bxf6 gxf6 13. Bd3 Ng6 14. h4
Re8 15. h5 Nf8 16. Nh4 Qe7 17. Nf5 Bxf5 18. Bxf5 c5 19. O-O cxd4 20. cxd4 Red8
21. Rfc1 Qd6 22. Qc5 Qxc5 23. Rxc5 Ne6 24. Bxe6 fxe6 25. Rc7 Rf8 26. Rbxb7 Rxb7
27. Rxb7 Rf7 28. Rxf7 Kxf7 29. g4 f5 30. g5 1-0

[Event "14. Lichtenberger Sommer"]
[Site "14. Lichtenberger Sommer"]
[Date "2015.08.18"]
[Round "4.74"]
[White "Völler, Lothar"]
[Black "Richter, Götz"]
[Result "0-1"]
[WhiteElo "1789"]
[BlackElo "2088"]
[PlyCount "118"]
[EventDate "2015.??.??"]
[WhiteTeam "FS Dortmund"]
[BlackTeam "Klub Kölner SF"]

1. b3 e5 2. Bb2 Nc6 3. e3 Nf6 4. Bb5 Bd6 5. Ne2 a6 6. Bxc6 dxc6 7. O-O O-O 8.
f4 Qe7 9. fxe5 Bxe5 10. Bxe5 Qxe5 11. Nbc3 Ng4 12. Ng3 h5 13. Rf4 Nxe3 14. dxe3
Qxe3+ 15. Rf2 Qxc3 16. Qe1 Qxe1+ 17. Rxe1 h4 18. Ne4 h3 19. gxh3 f6 20. h4 Bg4
21. Rf4 Bh5 22. Ng3 Bg6 23. c4 Rfe8 24. Rxe8+ Bxe8 25. Rd4 c5 26. Rd2 Bc6 27.
Kf2 Kf7 28. Re2 Re8 29. Rxe8 Bxe8 30. Ke3 Ke6 31. Ne4 b6 32. Kf4 Bg6 33. Nc3
Bd3 34. Ke3 Bf1 35. Nd5 Kd6 36. Nf4 g5 37. Nd5 gxh4 38. Nxf6 Bg2 39. Ng4 Bf1
40. Nf2 Ke5 41. Ng4+ Kf5 42. Nf2 b5 43. cxb5 axb5 44. Ne4 c4 45. Nd2 cxb3 46.
axb3 Bg2 47. b4 Kg4 48. Kf2 Bd5 49. Nb1 Kf4 50. Nc3 Bc4 51. h3 c6 52. Nb1 Be6
53. Kg2 Ke3 54. Nc3 Bd5+ 55. Kf1 Kd2 56. Nxd5 cxd5 57. Kf2 d4 58. Kf3 d3 59.
Kg4 Ke3 0-1

[Event "14. Lichtenberger Sommer"]
[Site "14. Lichtenberger Sommer"]
[Date "2015.08.18"]
[Round "4.75"]
[White "Ouadi, Wahbi"]
[Black "Günther, Boris"]
[Result "0-1"]
[WhiteElo "1962"]
[BlackElo "1626"]
[PlyCount "112"]
[EventDate "2015.??.??"]
[WhiteTeam "La Diagonale - Eybens"]
[BlackTeam "SF Friedrichshagen"]

1. e4 e5 2. f4 exf4 3. Nf3 g5 4. h3 Bg7 5. d4 d5 6. exd5 Qxd5 7. Nc3 Qe6+ 8.
Be2 h6 9. O-O Nf6 10. Bb5+ Kf8 11. Re1 Qd6 12. Qd3 Bd7 13. Bc4 Nc6 14. a3 Re8
15. Bd2 a6 16. Ba2 Ne7 17. Ne5 Be6 18. Bxe6 fxe6 19. Nc4 Qd7 20. Ne5 Qd6 21.
Ne2 Nd7 22. Nxd7+ Qxd7 23. Rad1 Nf5 24. Bb4+ Kf7 25. c4 b6 26. Qf3 Bxd4+ 27.
Nxd4 Nxd4 28. Qh5+ Kf6 29. c5 e5 30. cxb6 cxb6 31. Bc3 Qf7 32. Qxf7+ Kxf7 33.
Rxe5 Rxe5 34. Bxd4 Rd5 35. Bxh8 Rxd1+ 36. Kf2 Ke6 37. Bc3 Kf5 38. Ke2 Rd5 39.
Bg7 h5 40. Bc3 Ke4 41. Kf2 Rd3 42. Bf6 Rg3 43. a4 Rb3 44. Bc3 Kd3 45. Bf6 g4
46. hxg4 hxg4 47. Be5 Rb4 48. a5 bxa5 49. Bc3 Ra4 50. Be5 Re4 51. Bg7 a4 52.
Bf6 Re2+ 53. Kf1 a3 54. bxa3 Ra2 55. Be7 a5 56. Bd6 g3 0-1

[Event "14. Lichtenberger Sommer"]
[Site "14. Lichtenberger Sommer"]
[Date "2015.08.18"]
[Round "4.76"]
[White "Steinert, Christian"]
[Black "Dittrich, Hans-Georg"]
[Result "0-1"]
[WhiteElo "1971"]
[BlackElo "1722"]
[PlyCount "66"]
[EventDate "2015.??.??"]
[WhiteTeam "SV Empor Berlin"]
[BlackTeam "SG Stadtilm"]

1. e4 e5 2. Nf3 Nc6 3. Bc4 Bc5 4. c3 Nf6 5. d4 exd4 6. e5 d5 7. Bb5 Ne4 8. cxd4
Bb4+ 9. Nbd2 O-O 10. a3 Bxd2+ 11. Bxd2 Bg4 12. Be3 Ne7 13. h3 Bh5 14. g4 Bg6
15. Nh2 c6 16. Bf1 Qa5+ 17. b4 Qd8 18. Qc1 Nc8 19. Rg1 Nb6 20. g5 Na4 21. f3
Nec3 22. Qd2 a5 23. Rc1 axb4 24. axb4 Nb1 25. Qf2 Nac3 26. h4 Ra2 27. Qg3 Qb6
28. Rg2 Rfa8 29. h5 Qxb4 30. Bd2 Rxd2 31. Rxd2 Ne4 32. Qg2 Nexd2 33. hxg6 Ne4+
0-1

[Event "14. Lichtenberger Sommer"]
[Site "14. Lichtenberger Sommer"]
[Date "2015.08.18"]
[Round "4.77"]
[White "Dreke, Frank"]
[Black "Schmidt, Fabian"]
[Result "1-0"]
[WhiteElo "2003"]
[BlackElo "1766"]
[PlyCount "67"]
[EventDate "2015.??.??"]
[WhiteTeam "SV Mattnetz Berlin"]
[BlackTeam "Königsjäger Süd-West"]

1. e4 c5 2. Nf3 d6 3. d4 cxd4 4. c3 dxc3 5. Nxc3 Nc6 6. Bc4 a6 7. O-O Nf6 8.
Bg5 e6 9. a3 b5 10. Ba2 Be7 11. Qe2 Bb7 12. Rfd1 Qc7 13. Rac1 Qb8 14. b4 O-O
15. Bf4 Rd8 16. e5 dxe5 17. Nxe5 Bd6 18. Nxf7 Bxf4 19. Nxd8 Nxd8 20. Bxe6+ Kh8
21. Rc2 Nxe6 22. Qxe6 Bxh2+ 23. Kh1 Be5 24. Re1 Bd4 25. Rd1 Qa7 26. Rcd2 Re8
27. Qb3 Bb6 28. f3 Re5 29. Rd8+ Bxd8 30. Rxd8+ Ne8 31. Qf7 Re1+ 32. Kh2 Qg1+
33. Kg3 Bd5 34. Nxd5 1-0

[Event "14. Lichtenberger Sommer"]
[Site "14. Lichtenberger Sommer"]
[Date "2015.08.18"]
[Round "4.78"]
[White "Bollenbach, Horst"]
[Black "Birkholz, Axel"]
[Result "0-1"]
[WhiteElo "1736"]
[BlackElo "1895"]
[PlyCount "51"]
[EventDate "2015.??.??"]
[WhiteTeam "SC Friesen Lichtenberg"]
[BlackTeam "SR Spaichingen"]

1. d4 d5 2. Bf4 Nf6 3. e3 c5 4. c3 Nc6 5. Nd2 Qb6 6. Qb3 c4 7. Qxb6 axb6 8. Bc7
b5 9. Ne2 e6 10. f3 Be7 11. h3 O-O 12. e4 b4 13. Kf2 bxc3 14. Nxc3 Nxd4 15. Bb6
Nc2 16. Rc1 Ra6 17. Rxc2 Rxb6 18. exd5 exd5 19. Na4 Rb4 20. b3 Bf5 21. Rc3 Rxa4
22. bxa4 Bb4 23. Rxc4 dxc4 24. Nxc4 Ra8 25. Ne3 Bc5 26. Bb5 0-1

[Event "14. Lichtenberger Sommer"]
[Site "14. Lichtenberger Sommer"]
[Date "2015.08.18"]
[Round "4.79"]
[White "Neubart, Thomas"]
[Black "Fischer, Maxi"]
[Result "1-0"]
[WhiteElo "2042"]
[BlackElo "1665"]
[PlyCount "75"]
[EventDate "2015.??.??"]
[WhiteTeam "Berliner SchGes Eckbauer"]
[BlackTeam "SV Empor Berlin e.V."]

1. Nf3 d5 2. b3 Nf6 3. Bb2 e6 4. e3 Be7 5. Be2 O-O 6. O-O c5 7. d3 Nc6 8. Nbd2
b6 9. Ne5 Bb7 10. Nxc6 Bxc6 11. Nf3 Qc7 12. c4 Rad8 13. Qc2 Bb7 14. Rac1 dxc4
15. bxc4 Rd7 16. Ne5 Rd6 17. e4 Nd7 18. Ng4 f6 19. f4 f5 20. Ne3 fxe4 21. dxe4
Qd8 22. e5 Nxe5 23. Qc3 Rd2 24. Rcd1 Rxd1 25. Rxd1 Qe8 26. fxe5 Bg5 27. Rf1
Rxf1+ 28. Bxf1 Qg6 29. Bc1 Qe4 30. Qd3 Qxe5 31. Ng4 Qd4+ 32. Qxd4 cxd4 33. Bxg5
Kf7 34. Bd3 h6 35. Ne5+ Kf8 36. Bc1 Ke7 37. Bb2 Kd6 38. Bxd4 1-0

[Event "14. Lichtenberger Sommer"]
[Site "14. Lichtenberger Sommer"]
[Date "2015.08.18"]
[Round "4.80"]
[White "Reck, Jessica"]
[Black "Junge, Wolfgang"]
[Result "0-1"]
[WhiteElo "1655"]
[BlackElo "1896"]
[PlyCount "36"]
[EventDate "2015.??.??"]
[WhiteTeam "VfB Hermsdorf"]
[BlackTeam "SC Friesen Lichtenberg"]

1. d4 Nf6 2. c4 e6 3. Nf3 Bb4+ 4. Bd2 Bxd2+ 5. Qxd2 O-O 6. g3 d5 7. Bg2 Nbd7 8.
Qc2 c6 9. Nbd2 Re8 10. O-O e5 11. e4 dxe4 12. Nxe4 exd4 13. Nxd4 Nxe4 14. Bxe4
Nf6 15. Nxc6 Qc7 16. Rfe1 Nxe4 17. Rxe4 Rxe4 18. Qxe4 Qxc6 0-1

[Event "14. Lichtenberger Sommer"]
[Site "14. Lichtenberger Sommer"]
[Date "2015.08.18"]
[Round "4.81"]
[White "Getzuhn, Detlef"]
[Black "Sia, Davin"]
[Result "1-0"]
[WhiteElo "1889"]
[BlackElo "1511"]
[PlyCount "24"]
[EventDate "2015.??.??"]
[WhiteTeam "SV Senat (FV Schach)"]
[BlackTeam "Lasker Steglitz-Wilmersdorf"]

1. e4 e5 2. Nf3 Nc6 3. c3 Nf6 4. d4 Nxe4 5. d5 Ne7 6. Nxe5 d6 7. Qa4+ c6 8.
dxc6 Nc5 9. cxb7+ Nxa4 10. bxa8=Q dxe5 11. Bb5+ Bd7 12. Bxd7+ Kxd7 1-0

[Event "14. Lichtenberger Sommer"]
[Site "14. Lichtenberger Sommer"]
[Date "2015.08.18"]
[Round "4.82"]
[White "Hesselbarth, Karlheinz"]
[Black "Matitschka, Heinz"]
[Result "1/2-1/2"]
[WhiteElo "1732"]
[BlackElo "1910"]
[PlyCount "133"]
[EventDate "2015.??.??"]
[WhiteTeam "SC Zugzwang 95 (Berlin)"]
[BlackTeam "TSG Oberschöneweide"]

1. d4 Nf6 2. c4 e6 3. Nc3 Bb4 4. e3 O-O 5. Bd3 d5 6. Nf3 c5 7. O-O dxc4 8. Bxc4
Nbd7 9. Qc2 cxd4 10. exd4 Bxc3 11. bxc3 Qc7 12. Bd3 b6 13. Ba3 Re8 14. Rfe1 Bb7
15. Ne5 Rac8 16. Re3 Nxe5 17. dxe5 Qc6 18. Rg3 Ne4 19. Bxe4 Qxe4 20. Qxe4 Bxe4
21. Rd1 Bd5 22. Rd2 Rc4 23. Bb2 Ra4 24. a3 Rc8 25. Rgd3 h6 26. f3 Kh7 27. Rd4
Rcc4 28. Rxc4 Rxc4 29. Rd4 Kg6 30. Rxc4 Bxc4 31. g3 Kf5 32. Kf2 Kxe5 33. Ke3
Kd5 34. a4 Bb3 35. Kd3 g6 36. Bc1 h5 37. Be3 Bxa4 38. c4+ Kd6 39. f4 f6 40. Bd4
e5 41. fxe5+ fxe5 42. Bb2 Bc6 43. Ba3+ Ke6 44. Ke3 Kf5 45. Bd6 Bg2 46. h4 Bf1
47. c5 Ke6 48. Bb8 bxc5 49. Bxa7 c4 50. Bc5 c3 51. Bb4 c2 52. Ba3 Bh3 53. Kd2
Bf5 54. Bb2 Kd5 55. Ke3 Bd7 56. Kd2 Ba4 57. Bc1 e4 58. Kc3 Ke5 59. Bf4+ Kd5 60.
Be3 Ke5 61. Bf4+ Kf5 62. Kb4 e3 63. Bxe3 Bc6 64. Kc3 Be4 65. Kd2 Kg4 66. Bf4
Kf3 67. Kc1 1/2-1/2

[Event "14. Lichtenberger Sommer"]
[Site "14. Lichtenberger Sommer"]
[Date "2015.08.18"]
[Round "4.83"]
[White "Mauch, Johannes"]
[Black "Schreiber, Wilfried"]
[Result "1-0"]
[WhiteElo "1795"]
[BlackElo "1481"]
[PlyCount "37"]
[EventDate "2015.??.??"]
[WhiteTeam "fb Jena"]
[BlackTeam "SC Rochade (Berlin)"]

1. e4 c6 2. Nc3 d5 3. Nf3 dxe4 4. Nxe4 Bg4 5. Bc4 e6 6. d3 Be7 7. h3 Bxf3 8.
Qxf3 Nf6 9. Qg3 Nxe4 10. dxe4 g6 11. Bf4 Na6 12. O-O O-O 13. Rad1 Qa5 14. Rd7
Bf6 15. Bh6 Rfd8 16. Rxb7 Rd4 17. Qf4 Qe5 18. Qxe5 Bxe5 19. Bxa6 1-0

[Event "14. Lichtenberger Sommer"]
[Site "14. Lichtenberger Sommer"]
[Date "2015.08.18"]
[Round "4.84"]
[White "Seefeld, Marc"]
[Black "Fiedler, Ronald"]
[Result "1-0"]
[WhiteElo "1894"]
[BlackElo "1692"]
[PlyCount "51"]
[EventDate "2015.??.??"]
[WhiteTeam "Läufer Reinickendorf"]
[BlackTeam "Läufer Reinickendorf"]

1. d4 d5 2. Nf3 Nf6 3. c4 e6 4. Nc3 a6 5. cxd5 Nxd5 6. e4 Nxc3 7. bxc3 c5 8.
Be2 Be7 9. O-O O-O 10. Be3 cxd4 11. cxd4 Nd7 12. Qb3 Nf6 13. Nd2 b5 14. a4 b4
15. Rac1 Bb7 16. f3 a5 17. Nc4 Ba6 18. Rc2 Rc8 19. Rfc1 Bxc4 20. Bxc4 h6 21.
Qd3 Nd7 22. Ba6 Rxc2 23. Rxc2 Nb6 24. Qb5 Na8 25. Rc8 Qb6 26. Rxa8 1-0

[Event "14. Lichtenberger Sommer"]
[Site "14. Lichtenberger Sommer"]
[Date "2015.08.18"]
[Round "4.85"]
[White "Kapp, Frank"]
[Black "Tschirschwitz, Stephan"]
[Result "1-0"]
[WhiteElo "1908"]
[BlackElo "1551"]
[PlyCount "71"]
[EventDate "2015.??.??"]
[WhiteTeam "TSV IFA Chemnitz"]
[BlackTeam "Lasker Steglitz-Wilmersdorf"]

1. d4 Nf6 2. Nc3 d5 3. f3 g6 4. e4 dxe4 5. Nxe4 Nxe4 6. fxe4 e6 7. Nf3 Bg7 8.
c3 O-O 9. Bg5 Bf6 10. h4 c6 11. e5 Be7 12. Bh6 Re8 13. Qd2 f6 14. exf6 Bxf6 15.
O-O-O Qa5 16. Bc4 b5 17. Bb3 Qc7 18. Bf4 Qe7 19. g4 a5 20. g5 Bg7 21. Ne5 Bb7
22. Rhf1 Nd7 23. Ng4 a4 24. Bc2 Rf8 25. Qh2 Rf7 26. Bd6 Qe8 27. Rde1 Rxf1 28.
Rxf1 Bf8 29. Rxf8+ Nxf8 30. Nf6+ Kf7 31. Nxe8 Kxe8 32. Qf4 Nd7 33. h5 Ra6 34.
hxg6 hxg6 35. Bxg6+ Kd8 36. Be4 1-0

[Event "14. Lichtenberger Sommer"]
[Site "14. Lichtenberger Sommer"]
[Date "2015.08.18"]
[Round "4.86"]
[White "Prix, Siegfried"]
[Black "Dittrich, Tom"]
[Result "0-1"]
[WhiteElo "1715"]
[BlackElo "1813"]
[PlyCount "48"]
[EventDate "2015.??.??"]
[WhiteTeam "SF 1903 Berlin"]
[BlackTeam "SG Stadtilm"]

1. e4 c5 2. c4 Nc6 3. Nf3 e5 4. d3 g6 5. Nc3 Bg7 6. b3 Nge7 7. a3 a5 8. Be3 d6
9. Rb1 O-O 10. Be2 f5 11. O-O h6 12. g3 f4 13. Bd2 g5 14. Ne1 Bh3 15. Ng2 Qd7
16. g4 f3 17. Bxf3 Nd4 18. Be2 Nxe2+ 19. Nxe2 Bxg4 20. Qe1 Bf3 21. Kh1 Qh3 22.
Rg1 Ng6 23. Ng3 Nh4 24. Qf1 Bxe4 0-1